000 00190nam a22000977a 4500
082 _a823
_bDAN/R
100 _aDEFOE, DANIEL
245 _aROBINSON GUSOE
650 _aENGLISH STORY
942 _cBK
999 _c7279
_d7279